Quizzes
Events
Quiz Creation
Community
Videos
Private Events
Remove Ads
Sign In
Join for FREE
Feedback
Dark Mode
Quiz Categories
Sports
Geography
Music
Movies
Television
Just For Fun
Miscellaneous
History
Literature
Language
Science
Gaming
Entertainment
Religion
Holiday
For Kids
Quiz Lab
Recent
Popular Today
Quiz Kudos Today
Editor Picks
Curator Picks
Quizzes by...
Day
Popularity
Type
Ratings
Length
Year
Community
Subscriptions
Recent Discussions
Orange Saloon
Badges
Playlists
Quests
Create
Leaderboards
Showdown
Live 5
Trivia Bingo
Activity
Puzzle Library
Sporcle Events
Private Events
Virtual Trivia
Globe League
Become a Host
Pub Owners
SporcleCon
Opinionation
Our Games
Videos
Blog
Mobile Apps
Partnerships
Remove Ads and Go Orange
Feedback
Sports
Athletes
MLB
NBA
NHL
NFL
Soccer
Sports Teams
WWE
NCAA
Football
Premier League
Basketball
Baseball
Hockey
Golf
Tennis
Cricket
Rugby
Auto Racing
Olympics
World Cup
Sports
Athletes
MLB
NBA
NHL
NFL
Soccer
Sports Teams
WWE
NCAA
Football
Premier League
Basketball
Baseball
Hockey
Golf
Tennis
Cricket
Rugby
Auto Racing
Olympics
World Cup
Random Quiz
Search Sporcle
×
Quiz Lab
Quiz Lab
Sports
NCAA
Type in answers that appear in a list
Type in answers that appear in a list
Classic
Best Score? Go Orange.
2016 SEC Non-Conference Opponents Stats
Can you name the 2016 SEC Non-Conference Opponents?
By
jordanmorris7906
6m
56 Questions
164 Plays
164 Plays
164 Plays
Comments
Comments
Give Quiz Kudos
Give Quiz Kudos
-
- Ratings
hide this ad
Replay
Link that replays current quiz
Next Quiz
Link to next quiz in quiz playlist
You Got
0%
They Got
Avg Score
55%
Avg Friend Score
Upgrade to see
Score Distribution
Jump to the score distribution portion of the page
Score
0/56
Timer
06:00
0
Plays Today
Answer
% Correct
Florida State
88.4%
Florida State
88.4%
Clemson
87.8%
Clemson
87.8%
Southern Cal
83.5%
Georgia Tech
83.5%
Georgia Tech
83.5%
Louisiana-Lafayette
80.5%
Louisville
77.4%
Southern Miss
75.6%
Southern MIss
75.6%
Louisiana-Monroe
73.8%
Louisiana-Monroe
73.8%
North Carolina
73.8%
UCLA
72%
Wisconsin
71.3%
Arkansas State
69.5%
Virginia Tech
69.5%
Louisiana Tech
68.9%
Memphis
68.9%
Texas Christian
67.7%
Georgia Southern
67.7%
Western Kentucky
67.1%
Western Kentucky
66.5%
Ohio
65.9%
South Alabama
64%
South Alabama
64%
West Virginia
62.2%
Answer
% Correct
New Mexico State
56.7%
New Mexico State
56.7%
Middle Tennessee State
54.9%
Appalachian State
54.9%
Middle Tennessee State
54.9%
North Texas
50%
Texas-San Antonio
50%
BYU
49.4%
East Carolina
48.8%
Kent State
47.6%
Tennessee-Chattanooga
41.5%
Eastern Michigan
38.4%
Massachusetts
37.8%
Massachusetts
37.8%
Massachusetts
37.8%
Jacksonville State
33.5%
Wofford
33.5%
Tennessee Tech
31.1%
Alabama A&M
28.7%
Western Carolina
26.8%
Tennessee State
26.8%
Nicholls State
26.2%
Samford
23.8%
Austin Peay
19.5%
Presbyterian
18.3%
Alcorn State
17.1%
Prairie View A&M
12.2%
Delaware State
8.5%
Quiz Playlist
Details
Report
Send in Message
Add To Playlist
Classic:
Type in answers that appear in a list
Last Updated: Feb 16, 2017
Quiz Scoreboard
CHALLENGE
Sign Up to Join the Scoreboard
Show All
Scores
Hide
Comments
May contain spoilers
Recently Published
9x9 Crossword: Cartoon Network
by jackfrog10
Miscellaneous
3m
College Basketball Coaching Resumes
by pancakes188
Sports
9m
Billboard Blitz: Fleetwood Mac
by CooCooCachoo
Music
15s
More to Explore
Quiz From the Vault
Featured Blog Post
Where Did the Easter Bunny Come From?
hide this ad
You Might Also Like...
Tags
NCAA Quiz
College Football
NCAA Football
SEC NCAA
Today's Top Quizzes in Sports
Browse Sports
hide this ad
Today's Top Quizzes in NCAA
Browse NCAA
Top Contributed Quizzes in Sports
1
2022 World Cup Stars
2
Les meilleurs buteurs des matchs entre le PSG et l’OM
3
FIFA Club World Cup Champions
4
Les entraîneurs de l'OM et du PSG au 21e siècle
5
Criteria MLB: Left Handed Sluggers
6
AFC Teams Reveal (Wrong Answers Minefield)
7
2023 MLB Unique Player Accomplishments
8
5-to-1: FBS Animal Nicknames
9
Players with Multiple 50 Home Run Seasons
10
5-to-1: UK Sports Teams
Explore More
Trending Topics
Disney
Anime
Harry Potter
Marvel
Kpop
NBA
Crossword
NFL
Soccer
WWE
Song
Country
Pokémon
Puzzle
The Office
hide this ad
More By:
jordanmorris7906
Quiz
Plays
Rating
Category
Featured
Created
USA Metro Areas at Night (Picture Click)
710
4.76
Geography
Feb 22, 2017
Washington DC Metro Stations (Picture Click)
251
5.00
Geography
Apr 23, 2016
US States that hosted an Olympic Event
227
4.50
Sports
Mar 13, 2016
US States that have hosted a World Cup match
185
3.50
Sports
Mar 13, 2016
2016 SEC Non-Conference Opponents
164
Sports
Aug 31, 2016
Go to Creator's Profile
Score Distribution
Quiz Creator Spotlight
jordanmorris7906
Follow
Send a Message
Quizzes Created
-
Created Quiz Play Count
-
More By This Creator
Popular Quizzes Today
1
Find the US States - No Outlines Minefield
2
Find the Countries of Europe - No Outlines Minefield
3
The Countries of the World
4
Find the US States
5
Risky Map Clicking: Biggest States A-Z
6
US States
7
Popular People in 1961
8
Movies - When Are They Set?
More Sports Quizzes
Kaká's Career
Quiz Lab
Trending Quizzes
Risky Map Clicking: Least Populous States A-Z
1-10 Letter G Words
1-10 Letter F Words
Risky Map Clicking: Next State Alphabetically
Adjectives in 80s TV Shows
Recently Updated
Leaping Animals
pecheneg
Reality TV Shows (A-Z)
bhenderson79
Rickey Henderson's Hall of Fame Teammates
pecheneg
Champions League XIs: Arsenal
pecheneg
Quick Pick: Celebrities in WWE's Hall of Fame
aduchscher
A-Z Keypad Blitz II
pecheneg
Multiple Oscar Actors
pecheneg
Mystery Phrase Blitz: Oscar 'Best Actors'
pecheneg
F. Scott Fitzgerald Novels
LTH
Pick 3 Villains
ddd62291
Trending Topics
Crossword
NBA
Marvel
Disney
Harry Potter
Kpop
Anime
Pokémon
WWE
NFL
Puzzle
Song
Soccer
Country
The Office
Your Account Isn't Verified!
In order to create a playlist on Sporcle, you need to verify the email address you used during registration. Go to your
Sporcle Settings
to finish the process.
Report this User
Report this user for behavior that violates our
Community Guidelines
.
Details:
Send Report
Go to the Sporcle.com Mobile Site →
Comments